| 000 | 01739cam a22004334i 4500 | ||
|---|---|---|---|
| 003 | PE-LiUPU | ||
| 005 | 20250731172906.0 | ||
| 008 | s rb 001 0 eng d | ||
| 020 | _a0802874320 | ||
| 020 | _a9780802874320 | ||
| 035 | _a(Sirsi) a166539 | ||
| 040 |
_aPE-LiUPU _bspa _cPE-LiUPU _erda |
||
| 049 | _aPRUA | ||
| 082 | 0 | 4 |
_a248.483 _bW56 _223 |
| 100 | 1 |
_aWilliams Rowan., _eautor. |
|
| 245 | 1 | 2 |
_aBeing disciples : _bEssentials of the christian life / _cRowan Williams. |
| 264 |
_aGrand Rapids, Michigan : _bWilliam B. Eerdmans Publishing Company, _c2016. |
||
| 300 |
_a88 páginas ; _c23 centimetros. |
||
| 336 |
_atext _2rdacontent |
||
| 337 |
_aunmediated _2rdamedia |
||
| 338 |
_avolume _2rdacarrier |
||
| 505 | 0 | 4 | _a"Discipleship," says Rowan Williams in this companion to his best-selling Being Christian, "is a state of being. Discipleship is about how we live; not just the decisions we make, not just the things we believe, but a state of being." Having covered baptism, Bible, Eucharist, and prayer in Being Christian, Williams turns his attention in this book to what is required for us to continue following Jesus and growing in faith. |
| 526 | _aSEG42 | ||
| 526 | _aSEG41 | ||
| 526 | _aSEG40 | ||
| 526 | _aSEG39 | ||
| 526 | _aP94 | ||
| 526 | _aP87 | ||
| 526 | _aP86 | ||
| 526 | _aP85 | ||
| 526 | _aP77 | ||
| 526 | _aP76 | ||
| 526 | _aP35 | ||
| 650 | 0 | 4 | _aVida del cristiano |
| 596 | _a1 | ||
| 942 |
_2ddc _cBOOK |
||
| 999 |
_a248.483 W56 _wLC _c15283 _i75288 _f2021-11-10 _g5 _lCCODEBUL1 _mBUL _p5.88 _r0 _sY _tBOOK _u2017-1-26 _xTEOLOGIA _PP85 _0COMPRA _o.STAFF. Colección Teología _d15283 |
||
| 980 |
_81 _gALBERTO SANCHEZ Responsable de Automatización |
||